[Event "Chelyabinsk"]
[Site "?"]
[Date "2019.01.14"]
[Round "3.1"]
[White "Simantsev, Mikhail"]
[Black "Gutenev, Alexander"]
[Result "0-1"]
[BlackElo "2456"]
[WhiteElo "2401"]
[LiveChessVersion "1.4.8"]

1. d4 {[%clk 1:29:05]} Nf6 {[%clk 1:27:59]} 2. c4 {[%clk 1:29:22]} g6
{[%clk 1:28:25]} 3. f3 {[%clk 1:29:41]} d5 {[%clk 1:28:45]} 4. cxd5
{[%clk 1:30:04]} Nxd5 {[%clk 1:29:10]} 5. e4 {[%clk 1:30:30]} Nb6
{[%clk 1:29:33]} 6. Nc3 {[%clk 1:30:53]} Bg7 {[%clk 1:29:56]} 7. Be3
{[%clk 1:31:18]} O-O {[%clk 1:30:15]} 8. Qd2 {[%clk 1:31:44]} e5 {[%clk 1:29:51]}
9. d5 {[%clk 1:30:14]} c6 {[%clk 1:29:26]} 10. h4 {[%clk 1:20:40]} cxd5
{[%clk 1:29:11]} 11. exd5 {[%clk 1:21:03]} Na6 {[%clk 1:28:22]} 12. h5
{[%clk 1:07:00]} Nb4 {[%clk 1:27:07]} 13. Bc5 {[%clk 0:39:14]} N4xd5
{[%clk 1:26:38]} 14. Nxd5 {[%clk 0:32:47]} Nxd5 {[%clk 1:26:12]} 15. hxg6
{[%clk 0:32:44]} hxg6 {[%clk 1:24:44]} 16. Bxf8 {[%clk 0:15:18]} Bxf8
{[%clk 1:24:44]} 17. Ne2 {[%clk 0:14:41]} Be6 {[%clk 1:02:27]} 18. Nc3
{[%clk 0:12:11]} Qb6 {[%clk 1:00:40]} 19. Nxd5 {[%clk 0:04:56]} Bxd5
{[%clk 1:00:02]} 20. a3 {[%clk 0:04:57]} Rd8 {[%clk 0:58:48]} 21. Qc3
{[%clk 0:01:42]} Bc5 {[%clk 0:55:38]} 22. Bd3 {[%clk 0:01:12]} Bf2+
{[%clk 0:54:39]} 23. Kd2 {[%clk 0:00:33]} Qe3+ {[%clk 0:48:02]} 24. Kc2
{[%clk 0:00:50]} Be6 {[%clk 0:47:51]} 25. Rae1 {[%clk 0:00:54]} Bxe1
{[%clk 0:46:28]} 26. Rxe1 {[%clk 0:01:21]} Qf2+ {[%clk 0:43:24]} 27. Re2
{[%clk 0:01:39]} Qb6 {[%clk 0:43:10]} 28. Qb4 {[%clk 0:00:33]} Qg1
{[%clk 0:41:58]} 29. b3 {[%clk 0:00:31]} Qa1 {[%clk 0:38:21]} 0-1

[Event "Chelyabinsk"]
[Site "?"]
[Date "2019.01.14"]
[Round "3.2"]
[White "Khanin, Semen"]
[Black "Korneev, Oleg"]
[Result "1/2-1/2"]
[BlackElo "2545"]
[WhiteElo "2514"]
[LiveChessVersion "1.4.8"]

1. e4 {[%clk 1:30:57]} e5 {[%clk 1:20:38]} 2. Nf3 {[%clk 1:31:19]} Nc6
{[%clk 1:20:57]} 3. Bc4 {[%clk 1:31:41]} Bc5 {[%clk 1:18:18]} 4. O-O
{[%clk 1:31:52]} Nf6 {[%clk 1:15:55]} 5. d3 {[%clk 1:32:16]} d6 {[%clk 1:15:05]}
6. c3 {[%clk 1:32:42]} a6 {[%clk 1:15:23]} 7. a4 {[%clk 1:33:04]} Ba7
{[%clk 1:15:14]} 8. Be3 {[%clk 1:33:27]} O-O {[%clk 1:14:51]} 9. Bxa7
{[%clk 1:33:51]} Rxa7 {[%clk 1:15:10]} 10. Nbd2 {[%clk 1:34:13]} Ra8
{[%clk 1:15:15]} 11. Re1 {[%clk 1:33:57]} Ne7 {[%clk 1:06:46]} 12. d4
{[%clk 1:32:25]} Ng6 {[%clk 0:48:43]} 13. a5 {[%clk 1:32:42]} h6 {[%clk 0:44:27]}
14. Bf1 {[%clk 1:31:56]} Re8 {[%clk 0:43:56]} 15. g3 {[%clk 1:30:29]} Bg4
{[%clk 0:43:32]} 16. h3 {[%clk 1:25:18]} Bxf3 {[%clk 0:33:50]} 17. Nxf3
{[%clk 1:20:40]} c6 {[%clk 0:29:44]} 18. Bg2 {[%clk 1:10:30]} Qc7
{[%clk 0:29:45]} 19. Qc2 {[%clk 1:10:10]} Rad8 {[%clk 0:29:45]} 20. dxe5
{[%clk 1:04:27]} Nxe5 {[%clk 0:25:42]} 21. Nh4 {[%clk 0:57:28]} Re6
{[%clk 0:20:46]} 22. f4 {[%clk 0:52:59]} Ned7 {[%clk 0:20:46]} 23. Nf5
{[%clk 0:49:52]} Rde8 {[%clk 0:20:59]} 24. b4 {[%clk 0:47:47]} h5
{[%clk 0:16:28]} 25. Rad1 {[%clk 0:42:13]} g6 {[%clk 0:16:41]} 26. Nh4
{[%clk 0:42:18]} Nf8 {[%clk 0:14:17]} 27. Kh2 {[%clk 0:34:08]} Kg7
{[%clk 0:06:52]} 28. Re2 {[%clk 0:28:37]} c5 {[%clk 0:07:09]} 29. Qd3
{[%clk 0:26:16]} cxb4 {[%clk 0:01:59]} 30. cxb4 {[%clk 0:26:42]} b6
{[%clk 0:02:25]} 31. Rc2 {[%clk 0:23:19]} Qb8 {[%clk 0:02:40]} 32. f5
{[%clk 0:21:38]} Re5 {[%clk 0:02:14]} 33. fxg6 {[%clk 0:21:12]} fxg6
{[%clk 0:02:38]} 34. Qxd6 {[%clk 0:21:14]} Qxd6 {[%clk 0:02:26]} 35. Rxd6
{[%clk 0:21:39]} bxa5 {[%clk 0:02:27]} 36. Rc7+ {[%clk 0:20:01]} R8e7
{[%clk 0:01:05]} 37. Rxe7+ {[%clk 0:20:19]} Rxe7 {[%clk 0:01:34]} 38. bxa5
{[%clk 0:20:42]} Re6 {[%clk 0:02:03]} 39. e5 {[%clk 0:16:41]} N6d7
{[%clk 0:01:44]} 40. Bd5 {[%clk 0:11:56]} Rxe5 {[%clk 0:01:17]} 41. Nxg6
{[%clk 0:12:16]} Nxg6 {[%clk 0:00:44]} 42. Rxd7+ {[%clk 0:12:42]} Ne7
{[%clk 0:01:05]} 43. Bf3 {[%clk 0:07:10]} Kf7 {[%clk 0:01:08]} 44. Rd6
{[%clk 0:07:10]} Rxa5 45. Rh6 {[%clk 0:07:36]} Ra2+ {[%clk 0:00:41]} 46. Kg1
{[%clk 0:07:54]} Ra1+ {[%clk 0:00:35]} 47. Kf2 {[%clk 0:07:51]} Ra2+
{[%clk 0:01:03]} 48. Ke1 {[%clk 0:07:00]} Ra1+ {[%clk 0:01:09]} 49. Kd2
{[%clk 0:06:42]} Ra2+ {[%clk 0:01:31]} 50. Kd3 {[%clk 0:03:18]} Ra3+
{[%clk 0:01:42]} 51. Ke4 {[%clk 0:03:30]} Ra4+ {[%clk 0:02:03]} 52. Ke5
{[%clk 0:03:06]} Ra5+ {[%clk 0:02:11]} 53. Kf4 {[%clk 0:02:42]} Nd5+
{[%clk 0:00:48]} 54. Bxd5+ {[%clk 0:02:41]} Rxd5 {[%clk 0:01:17]} 55. Rxa6
{[%clk 0:03:06]} h4 {[%clk 0:00:37]} 56. g4 {[%clk 0:03:04]} Rd3 {[%clk 0:01:06]}
57. Kg5 {[%clk 0:03:16]} Rxh3 {[%clk 0:01:32]} 58. Ra7+ {[%clk 0:03:43]} Kf8
{[%clk 0:01:24]} 59. Kg6 {[%clk 0:04:08]} Rh1 {[%clk 0:01:18]} 60. Ra8+
{[%clk 0:03:40]} Ke7 {[%clk 0:01:47]} 61. g5 {[%clk 0:03:23]} h3 {[%clk 0:02:07]}
62. Rb8 {[%clk 0:02:22]} Rg1 {[%clk 0:01:54]} 63. Rh8 {[%clk 0:02:13]} Rg3
{[%clk 0:02:22]} 64. Rh5 {[%clk 0:01:36]} Ke6 {[%clk 0:01:41]} 65. Kg7
{[%clk 0:00:38]} Kf5 {[%clk 0:02:09]} 66. g6+ {[%clk 0:01:04]} Kg4
{[%clk 0:02:19]} 67. Kh6 {[%clk 0:01:09]} Kf3 {[%clk 0:02:16]} 68. g7
{[%clk 0:01:14]} Kg2 {[%clk 0:02:13]} 1/2-1/2

[Event "Chelyabinsk"]
[Site "?"]
[Date "2019.01.14"]
[Round "3.3"]
[White "Drygalov, Andrey"]
[Black "Bezgodov, Alexei"]
[Result "1/2-1/2"]
[BlackElo "2441"]
[WhiteElo "2485"]
[LiveChessVersion "1.4.8"]

1. d4 {[%clk 1:30:59]} d5 {[%clk 1:30:32]} 2. c4 {[%clk 1:31:24]} e6
{[%clk 1:27:54]} 3. Nf3 {[%clk 1:31:42]} Nf6 {[%clk 1:27:54]} 4. Nc3
{[%clk 1:31:26]} a6 {[%clk 1:22:45]} 5. cxd5 {[%clk 1:28:54]} exd5
{[%clk 1:20:45]} 6. Bg5 {[%clk 1:29:22]} Be6 {[%clk 1:17:45]} 7. e3
{[%clk 1:29:39]} Nbd7 {[%clk 1:13:21]} 8. Bd3 {[%clk 1:29:57]} Bd6
{[%clk 1:12:37]} 9. O-O {[%clk 1:29:56]} c6 {[%clk 1:05:38]} 10. Bf4
{[%clk 1:29:28]} Qc7 {[%clk 1:04:52]} 11. Bxd6 {[%clk 1:28:08]} Qxd6
{[%clk 1:05:20]} 12. Qc2 {[%clk 1:27:20]} O-O {[%clk 0:55:54]} 13. h3
{[%clk 1:26:52]} Rfe8 {[%clk 0:52:50]} 14. Rfc1 {[%clk 1:25:47]} g6
{[%clk 0:47:44]} 15. Rab1 {[%clk 1:04:28]} Nh5 {[%clk 0:44:31]} 16. Na4
{[%clk 1:03:34]} Ng7 {[%clk 0:43:20]} 17. b4 {[%clk 1:03:28]} Bf5
{[%clk 0:40:52]} 18. Nc5 {[%clk 1:03:35]} Bxd3 {[%clk 0:36:04]} 19. Qxd3
{[%clk 1:03:29]} Ra7 {[%clk 0:31:48]} 20. a4 {[%clk 1:02:51]} Ne6
{[%clk 0:27:49]} 21. Nxd7 {[%clk 1:02:02]} Qxd7 {[%clk 0:28:17]} 22. b5
{[%clk 1:01:44]} axb5 {[%clk 0:27:52]} 23. axb5 {[%clk 1:02:05]} f6
{[%clk 0:27:28]} 24. bxc6 {[%clk 0:51:12]} bxc6 {[%clk 0:26:26]} 25. Rb6
{[%clk 0:51:31]} Rc8 {[%clk 0:25:44]} 26. Qb1 {[%clk 0:46:07]} Kg7
{[%clk 0:24:28]} 27. Qb2 {[%clk 0:37:49]} Rac7 {[%clk 0:22:59]} 28. Rd1
{[%clk 0:34:59]} Nd8 {[%clk 0:19:34]} 29. Ne1 {[%clk 0:30:00]} Rb7
{[%clk 0:18:32]} 30. Nd3 {[%clk 0:28:56]} Rcb8 {[%clk 0:18:32]} 31. Rxb7
{[%clk 0:28:48]} Qxb7 {[%clk 0:18:55]} 32. Qd2 {[%clk 0:27:40]} Ne6
{[%clk 0:17:53]} 33. Rc1 {[%clk 0:27:14]} Qb5 {[%clk 0:16:59]} 34. Qc3
{[%clk 0:27:00]} Rb6 {[%clk 0:17:04]} 35. Qa3 {[%clk 0:27:18]} Kf7
{[%clk 0:14:51]} 36. Rc3 {[%clk 0:18:30]} g5 {[%clk 0:10:48]} 37. Qa8
{[%clk 0:15:16]} Rb7 {[%clk 0:08:04]} 38. Qa3 {[%clk 0:13:27]} Rb6
{[%clk 0:06:43]} 39. Qa8 {[%clk 0:13:44]} Rb7 {[%clk 0:07:05]} 40. Nc5
{[%clk 0:10:08]} Nxc5 {[%clk 0:05:39]} 41. Rxc5 {[%clk 0:10:34]} Qb1+
{[%clk 0:05:40]} 42. Kh2 {[%clk 0:10:57]} Qb6 {[%clk 0:06:01]} 43. Qh8
{[%clk 0:09:47]} Qc7+ {[%clk 0:05:37]} 44. f4 {[%clk 0:09:14]} Ke6
{[%clk 0:05:53]} 45. Qe8+ {[%clk 0:09:38]} Kd6 {[%clk 0:06:19]} 46. fxg5
{[%clk 0:09:37]} fxg5 {[%clk 0:06:44]} 47. e4 {[%clk 0:06:14]} dxe4
{[%clk 0:07:07]} 48. Qxe4 {[%clk 0:06:05]} Kd7+ {[%clk 0:06:58]} 49. Re5
{[%clk 0:06:29]} Kc8 {[%clk 0:06:31]} 50. Qf5+ {[%clk 0:06:13]} Kb8
{[%clk 0:06:52]} 51. Qf8+ {[%clk 0:06:35]} Ka7 {[%clk 0:07:21]} 52. Qa3+
{[%clk 0:03:44]} Kb8 {[%clk 0:07:50]} 53. Qf8+ {[%clk 0:01:48]} Ka7
{[%clk 0:08:19]} 54. Qa3+ {[%clk 0:01:11]} Kb8 {[%clk 0:08:48]} 55. g3
{[%clk 0:00:38]} Qd8 {[%clk 0:09:13]} 56. Re2 {[%clk 0:00:51]} Qxd4
{[%clk 0:04:34]} 57. Re8+ {[%clk 0:01:11]} Kc7 {[%clk 0:05:03]} 58. Qa5+
{[%clk 0:01:22]} Kd6 {[%clk 0:05:33]} 59. Qd8+ {[%clk 0:00:45]} Rd7
{[%clk 0:05:25]} 60. Qb8+ {[%clk 0:01:05]} Kc5 {[%clk 0:05:44]} 61. Re2
{[%clk 0:01:23]} Qd3 {[%clk 0:05:12]} 62. Rb2 {[%clk 0:01:35]} Qc3
{[%clk 0:04:57]} 63. Qb6+ {[%clk 0:01:16]} Kd6 {[%clk 0:04:28]} 64. Qf2
{[%clk 0:01:30]} Rf7 {[%clk 0:04:29]} 65. Rd2+ {[%clk 0:01:48]} Ke7
{[%clk 0:04:57]} 66. Qe2+ {[%clk 0:01:17]} Kf8 {[%clk 0:05:24]} 67. Rc2
{[%clk 0:01:32]} Qf6 {[%clk 0:05:34]} 68. Qg2 {[%clk 0:01:49]} Kg7
{[%clk 0:05:26]} 69. Rxc6 1/2-1/2

[Event "Chelyabinsk"]
[Site "?"]
[Date "2019.01.14"]
[Round "3.4"]
[White "Drygalov, Sergey"]
[Black "Sivuk, Vitaly"]
[Result "1-0"]
[BlackElo "2552"]
[WhiteElo "2442"]
[LiveChessVersion "1.4.8"]

1. d4 {[%clk 1:30:57]} d5 {[%clk 1:27:45]} 2. Nf3 {[%clk 1:30:59]} Nf6
{[%clk 1:28:02]} 3. c4 {[%clk 1:31:14]} c6 {[%clk 1:28:22]} 4. e3
{[%clk 1:29:42]} Bf5 {[%clk 1:28:42]} 5. Nc3 {[%clk 1:30:08]} a6 {[%clk 1:29:00]}
6. Qb3 {[%clk 1:26:43]} b5 {[%clk 1:27:27]} 7. cxd5 {[%clk 1:25:48]} cxd5
{[%clk 1:27:45]} 8. a4 {[%clk 1:23:39]} b4 {[%clk 1:27:27]} 9. Na2
{[%clk 1:11:19]} Nc6 {[%clk 1:15:35]} 10. Bd2 {[%clk 1:08:20]} e6
{[%clk 1:10:40]} 11. Qd1 {[%clk 1:04:23]} Bd6 {[%clk 1:04:34]} 12. Be2
{[%clk 1:00:26]} O-O {[%clk 1:00:57]} 13. O-O {[%clk 0:59:47]} Qb6
{[%clk 0:59:28]} 14. Nh4 {[%clk 0:58:47]} Be4 {[%clk 0:59:03]} 15. f3
{[%clk 0:58:16]} Bc2 {[%clk 0:49:06]} 16. Qxc2 {[%clk 0:56:56]} b3
{[%clk 0:49:29]} 17. Qd3 {[%clk 0:38:58]} bxa2 {[%clk 0:49:51]} 18. Rxa2
{[%clk 0:39:21]} g5 {[%clk 0:48:53]} 19. Nf5 {[%clk 0:39:47]} exf5
{[%clk 0:48:27]} 20. Qxf5 {[%clk 0:40:15]} Be7 {[%clk 0:45:05]} 21. Qxg5+
{[%clk 0:39:29]} Kh8 {[%clk 0:45:29]} 22. Bc3 {[%clk 0:37:31]} Qb3
{[%clk 0:40:22]} 23. Raa1 {[%clk 0:36:54]} Qc2 {[%clk 0:38:15]} 24. Rfe1
{[%clk 0:35:36]} Rg8 {[%clk 0:38:10]} 25. Bd1 {[%clk 0:33:49]} Rxg5
{[%clk 0:34:25]} 26. Bxc2 {[%clk 0:34:12]} Nb4 {[%clk 0:34:42]} 27. Re2
{[%clk 0:30:24]} a5 {[%clk 0:35:00]} 28. Rd1 {[%clk 0:28:23]} Rag8
{[%clk 0:32:13]} 29. Bb3 {[%clk 0:26:47]} Bd6 {[%clk 0:31:16]} 30. Be1
{[%clk 0:21:44]} Rf5 {[%clk 0:27:21]} 31. Rf2 {[%clk 0:18:33]} h5
{[%clk 0:24:28]} 32. Rf1 {[%clk 0:15:18]} Rfg5 {[%clk 0:23:11]} 33. Rd2
{[%clk 0:15:14]} R5g6 {[%clk 0:22:13]} 34. Bc2 {[%clk 0:13:42]} Nxc2
{[%clk 0:21:03]} 35. Rxc2 {[%clk 0:13:59]} Bb4 {[%clk 0:21:12]} 36. Bg3
{[%clk 0:12:20]} Ne8 {[%clk 0:20:32]} 37. b3 {[%clk 0:06:20]} Nd6
{[%clk 0:20:06]} 38. Bf4 {[%clk 0:05:37]} Kh7 {[%clk 0:19:25]} 39. g3
{[%clk 0:05:54]} Re6 {[%clk 0:18:37]} 40. Rc6 {[%clk 0:04:56]} Rge8
{[%clk 0:18:46]} 41. Rfc1 {[%clk 0:03:16]} Nf5 {[%clk 0:18:25]} 42. Rxe6
{[%clk 0:03:22]} Rxe6 {[%clk 0:18:49]} 43. Rc7 {[%clk 0:02:35]} Kg8
{[%clk 0:09:22]} 44. Kf2 {[%clk 0:01:50]} Bd2 {[%clk 0:09:13]} 45. Rc2
{[%clk 0:01:59]} Bxe3+ {[%clk 0:08:44]} 46. Bxe3 {[%clk 0:02:22]} Rxe3
{[%clk 0:07:27]} 47. Rc8+ {[%clk 0:02:48]} Kg7 {[%clk 0:07:51]} 48. g4
{[%clk 0:02:22]} hxg4 {[%clk 0:06:41]} 49. fxg4 {[%clk 0:02:49]} Ne7
{[%clk 0:06:20]} 50. Kxe3 {[%clk 0:02:14]} Nxc8 {[%clk 0:06:49]} 51. h4
{[%clk 0:00:57]} Ne7 {[%clk 0:06:51]} 52. b4 {[%clk 0:00:58]} axb4
{[%clk 0:06:52]} 53. a5 {[%clk 0:01:27]} Nc6 {[%clk 0:07:14]} 54. a6
{[%clk 0:01:52]} Kg6 {[%clk 0:07:15]} 55. Kd2 {[%clk 0:02:06]} f5
{[%clk 0:05:25]} 56. gxf5+ {[%clk 0:02:32]} Kxf5 {[%clk 0:05:51]} 57. Kc1
{[%clk 0:02:57]} Kg4 {[%clk 0:03:01]} 58. Kb2 {[%clk 0:03:18]} Kxh4
{[%clk 0:03:26]} 59. Kb3 {[%clk 0:03:44]} Kg5 {[%clk 0:02:54]} 60. Ka4
{[%clk 0:04:04]} Kf5 {[%clk 0:01:07]} 61. Kb5 {[%clk 0:04:17]} Nxd4+
{[%clk 0:00:43]} 62. Kxb4 {[%clk 0:04:16]} Ke5 {[%clk 0:01:00]} 63. Kc5
{[%clk 0:04:32]} Ne6+ {[%clk 0:01:10]} 64. Kc6 {[%clk 0:04:35]} Nd8+
{[%clk 0:01:16]} 65. Kb6 {[%clk 0:04:06]} d4 {[%clk 0:00:44]} 66. a7
{[%clk 0:04:32]} d3 {[%clk 0:01:12]} 67. a8=Q {[%clk 0:04:49]} Ne6
{[%clk 0:01:40]} 68. Qf3 {[%clk 0:04:52]} Kd4 {[%clk 0:01:54]} 69. Qg4+
{[%clk 0:05:18]} Ke5 {[%clk 0:02:09]} 70. Qc4 {[%clk 0:04:46]} Nf4
{[%clk 0:02:30]} 71. Kc5 {[%clk 0:05:05]} Kf5 {[%clk 0:02:32]} 72. Kd4
{[%clk 0:05:20]} 1-0

[Event "Chelyabinsk"]
[Site "?"]
[Date "2019.01.14"]
[Round "3.5"]
[White "Tosic, Miroslav"]
[Black "Slizhevsky, Alexander"]
[Result "0-1"]
[BlackElo "2428"]
[WhiteElo "2360"]
[LiveChessVersion "1.4.8"]

1. d4 {[%clk 1:30:49]} Nf6 {[%clk 1:29:26]} 2. Nf3 {[%clk 1:30:43]} g6
{[%clk 1:29:35]} 3. g3 {[%clk 1:30:55]} Bg7 {[%clk 1:29:49]} 4. Bg2
{[%clk 1:31:20]} d5 {[%clk 1:30:02]} 5. O-O {[%clk 1:31:18]} O-O {[%clk 1:30:12]}
6. c4 {[%clk 1:31:43]} dxc4 {[%clk 1:30:09]} 7. Na3 {[%clk 1:32:06]} c3
{[%clk 1:30:17]} 8. Nb5 {[%clk 1:32:30]} cxb2 {[%clk 1:27:54]} 9. Bxb2
{[%clk 1:32:54]} Nd5 {[%clk 1:20:32]} 10. Ne5 {[%clk 1:26:41]} c6
{[%clk 1:15:20]} 11. Na3 {[%clk 1:24:36]} Nd7 {[%clk 1:09:13]} 12. Nac4
{[%clk 1:24:27]} N5b6 {[%clk 1:04:30]} 13. Qc2 {[%clk 1:24:00]} Nxe5 14. Nxe5
{[%clk 1:24:23]} Be6 {[%clk 1:00:01]} 15. Rfd1 {[%clk 1:24:18]} Qc7
{[%clk 0:59:18]} 16. a4 {[%clk 1:24:32]} Bxe5 {[%clk 0:55:45]} 17. dxe5
{[%clk 1:24:20]} Nc4 {[%clk 0:53:16]} 18. Bc3 {[%clk 1:23:08]} Rad8
{[%clk 0:49:36]} 19. Qe4 {[%clk 1:22:24]} Rxd1+ {[%clk 0:47:45]} 20. Rxd1
{[%clk 1:22:48]} Rd8 {[%clk 0:47:54]} 21. Rd3 {[%clk 1:20:44]} Qb6
{[%clk 0:38:09]} 22. h4 {[%clk 1:13:42]} h5 {[%clk 0:35:26]} 23. Kh2
{[%clk 1:00:10]} Qc7 {[%clk 0:35:20]} 24. Bf3 {[%clk 0:33:59]} Nb6
{[%clk 0:28:13]} 25. Rxd8+ {[%clk 0:14:03]} Qxd8 {[%clk 0:28:35]} 26. Qb4
{[%clk 0:14:02]} c5 {[%clk 0:15:20]} 27. Qa5 {[%clk 0:13:46]} Qb8
{[%clk 0:15:10]} 28. Ba1 {[%clk 0:13:20]} Nd7 {[%clk 0:13:50]} 29. Qb5
{[%clk 0:08:55]} b6 {[%clk 0:13:12]} 30. Bd5 {[%clk 0:08:07]} a6 {[%clk 0:09:31]}
31. Qb3 {[%clk 0:06:01]} Bxd5 {[%clk 0:09:11]} 32. Qxd5 {[%clk 0:06:25]} Nf8
{[%clk 0:09:32]} 33. f4 {[%clk 0:02:37]} Ne6 {[%clk 0:05:13]} 34. Bc3
{[%clk 0:02:46]} Qe8 {[%clk 0:05:00]} 35. a5 {[%clk 0:02:33]} bxa5
{[%clk 0:05:07]} 36. e4 {[%clk 0:02:37]} Qa4 {[%clk 0:04:16]} 37. f5
{[%clk 0:02:47]} gxf5 {[%clk 0:04:30]} 38. exf5 {[%clk 0:02:10]} Qc2+
{[%clk 0:04:49]} 39. Kg1 {[%clk 0:02:09]} Qxc3 {[%clk 0:04:38]} 40. fxe6
{[%clk 0:02:14]} Qd4+ {[%clk 0:04:40]} 0-1

[Event "Chelyabinsk"]
[Site "?"]
[Date "2019.01.14"]
[Round "3.6"]
[White "Radzhabov, Rodion"]
[Black "Tologontegin, Semetey"]
[Result "1/2-1/2"]
[BlackElo "2385"]
[WhiteElo "2329"]
[LiveChessVersion "1.4.8"]

1. e4 {[%clk 1:30:54]} e6 {[%clk 1:30:42]} 2. d4 {[%clk 1:31:14]} b6
{[%clk 1:31:09]} 3. Bd3 {[%clk 1:31:12]} Bb7 {[%clk 1:31:31]} 4. Nf3
{[%clk 1:30:34]} d6 {[%clk 1:31:49]} 5. c4 {[%clk 1:30:23]} Nd7 {[%clk 1:31:59]}
6. Nc3 {[%clk 1:30:20]} g6 {[%clk 1:32:10]} 7. O-O {[%clk 1:29:03]} Bg7
{[%clk 1:32:32]} 8. Bg5 {[%clk 1:27:06]} Ne7 {[%clk 1:32:37]} 9. Qd2
{[%clk 1:26:31]} h6 {[%clk 1:32:48]} 10. Be3 {[%clk 1:23:48]} g5 {[%clk 1:27:12]}
11. Ne1 {[%clk 1:15:24]} Ng6 {[%clk 1:14:29]} 12. Ne2 {[%clk 1:09:15]} Nf6
{[%clk 1:05:12]} 13. Ng3 {[%clk 0:59:30]} Ng4 {[%clk 1:00:52]} 14. Be2
{[%clk 0:56:01]} Nxe3 {[%clk 1:00:50]} 15. fxe3 {[%clk 0:56:27]} O-O
{[%clk 0:59:47]} 16. Nc2 {[%clk 0:50:39]} c5 {[%clk 0:53:26]} 17. Rf2
{[%clk 0:28:48]} cxd4 {[%clk 0:19:38]} 18. Nxd4 {[%clk 0:28:58]} Be5
{[%clk 0:10:19]} 19. Raf1 {[%clk 0:22:56]} Qe7 {[%clk 0:05:04]} 20. Bd3
{[%clk 0:18:35]} Bxg3 {[%clk 0:05:15]} 21. hxg3 {[%clk 0:19:04]} Ne5
{[%clk 0:05:23]} 22. Qe2 {[%clk 0:18:28]} Kg7 {[%clk 0:05:20]} 23. Bb1
{[%clk 0:17:55]} Rh8 {[%clk 0:04:56]} 24. Qh5 {[%clk 0:16:14]} Raf8
{[%clk 0:05:14]} 25. b3 {[%clk 0:16:32]} Bc8 {[%clk 0:04:47]} 26. Rd2
{[%clk 0:14:08]} Bd7 {[%clk 0:04:56]} 27. Qd1 {[%clk 0:13:19]} Rd8
{[%clk 0:03:14]} 28. Nf3 {[%clk 0:12:38]} Bc6 {[%clk 0:02:08]} 29. Qc1
{[%clk 0:12:53]} f6 {[%clk 0:01:38]} 30. Rfd1 {[%clk 0:11:38]} Nf7
{[%clk 0:00:47]} 31. Qc2 {[%clk 0:11:08]} h5 {[%clk 0:00:43]} 32. a4
{[%clk 0:07:00]} a5 {[%clk 0:01:00]} 33. Nd4 {[%clk 0:06:19]} Bd7
{[%clk 0:01:10]} 34. Nf3 {[%clk 0:06:18]} Rh6 {[%clk 0:01:08]} 35. Kf2
{[%clk 0:06:16]} g4 {[%clk 0:01:21]} 36. Nd4 {[%clk 0:06:20]} h4 {[%clk 0:01:31]}
37. gxh4 {[%clk 0:05:19]} Rxh4 {[%clk 0:01:57]} 38. Ne2 {[%clk 0:04:55]} Bc6
{[%clk 0:01:13]} 39. Ng3 {[%clk 0:05:14]} Rdh8 {[%clk 0:00:57]} 40. Qc3
{[%clk 0:04:57]} Qc7 {[%clk 0:01:11]} 41. Rf1 {[%clk 0:02:38]} R8h6
{[%clk 0:00:50]} 42. Rdd1 {[%clk 0:01:44]} Rh2 {[%clk 0:00:42]} 43. Rh1
{[%clk 0:01:37]} Ng5 {[%clk 0:01:01]} 44. Rxh2 {[%clk 0:01:39]} Rxh2
{[%clk 0:01:29]} 45. Kg1 {[%clk 0:02:04]} Rh6 {[%clk 0:01:40]} 46. Rf1
{[%clk 0:01:59]} Be8 {[%clk 0:01:56]} 47. Kf2 {[%clk 0:01:41]} Qc5
{[%clk 0:01:26]} 48. Qd4 {[%clk 0:01:37]} Kf8 {[%clk 0:01:21]} 49. Rh1
{[%clk 0:01:32]} Qxd4 {[%clk 0:00:52]} 50. exd4 {[%clk 0:02:01]} Rxh1
{[%clk 0:01:17]} 51. Nxh1 {[%clk 0:02:28]} Bg6 {[%clk 0:01:19]} 52. Ng3
{[%clk 0:02:19]} Ke7 {[%clk 0:00:58]} 53. Ke3 {[%clk 0:02:45]} e5
{[%clk 0:00:53]} 54. d5 {[%clk 0:03:06]} Nf7 {[%clk 0:00:59]} 55. Bc2
{[%clk 0:01:49]} Nh6 {[%clk 0:01:19]} 56. Bd3 {[%clk 0:01:59]} Kf8
{[%clk 0:00:53]} 57. Bc2 {[%clk 0:02:08]} Be8 {[%clk 0:01:11]} 58. Bd3
{[%clk 0:01:49]} Kg7 {[%clk 0:01:34]} 59. Ne2 {[%clk 0:01:01]} Kg6
{[%clk 0:01:43]} 60. g3 {[%clk 0:01:04]} Kg5 {[%clk 0:02:09]} 61. Nc3
{[%clk 0:01:17]} Bd7 {[%clk 0:01:37]} 62. Nb5 {[%clk 0:01:19]} Bxb5
{[%clk 0:01:42]} 63. cxb5 {[%clk 0:01:02]} Nf7 {[%clk 0:01:57]} 64. Bc2
{[%clk 0:00:57]} Nd8 {[%clk 0:02:20]} 65. Kd2 {[%clk 0:00:59]} Nb7
{[%clk 0:01:56]} 66. Kc3 {[%clk 0:01:23]} Nc5 {[%clk 0:01:17]} 67. b4
{[%clk 0:01:45]} axb4+ {[%clk 0:01:45]} 68. Kxb4 {[%clk 0:02:13]} Nb7
{[%clk 0:00:39]} 69. Kc3 {[%clk 0:02:39]} 1/2-1/2

[Event "Chelyabinsk"]
[Site "?"]
[Date "2019.01.14"]
[Round "3.7"]
[White "Frolov, Ivan"]
[Black "Dauletova, Gulmira"]
[Result "1-0"]
[BlackElo "2240"]
[WhiteElo "2210"]
[LiveChessVersion "1.4.8"]

1. e4 {[%clk 1:27:36]} c5 {[%clk 1:30:25]} 2. Nf3 {[%clk 1:28:00]} e6
{[%clk 1:30:40]} 3. d4 {[%clk 1:28:25]} cxd4 {[%clk 1:31:03]} 4. c3
{[%clk 1:28:49]} Nf6 {[%clk 1:27:13]} 5. e5 {[%clk 1:29:11]} Nd5 {[%clk 1:27:18]}
6. cxd4 {[%clk 1:29:20]} d6 {[%clk 1:27:22]} 7. Bd3 {[%clk 1:28:33]} dxe5
{[%clk 1:25:55]} 8. Nxe5 {[%clk 1:28:00]} Bb4+ {[%clk 1:24:17]} 9. Nd2
{[%clk 1:24:58]} O-O {[%clk 1:14:37]} 10. O-O {[%clk 1:21:42]} Nf4
{[%clk 1:09:14]} 11. Ne4 {[%clk 1:21:31]} Nxd3 {[%clk 1:08:53]} 12. Qxd3
{[%clk 1:21:57]} f6 {[%clk 0:53:39]} 13. Nf3 {[%clk 1:20:07]} Nc6
{[%clk 0:53:51]} 14. Rd1 {[%clk 1:20:02]} Ne7 {[%clk 0:53:01]} 15. Qb3
{[%clk 1:17:11]} Nd5 {[%clk 0:47:39]} 16. Nc3 {[%clk 1:17:26]} Ba5
{[%clk 0:42:42]} 17. Be3 {[%clk 1:14:26]} Qd6 {[%clk 0:36:43]} 18. Rac1
{[%clk 1:14:27]} Bb6 {[%clk 0:35:30]} 19. Nd2 {[%clk 1:04:37]} Bc7
{[%clk 0:30:01]} 20. Nf1 {[%clk 1:03:57]} Bb6 {[%clk 0:29:02]} 21. Ng3
{[%clk 1:02:42]} Rd8 {[%clk 0:29:09]} 22. Nge4 {[%clk 1:02:39]} Qe7
{[%clk 0:28:10]} 23. Nxd5 {[%clk 1:02:09]} exd5 {[%clk 0:28:06]} 24. Nc3
{[%clk 1:00:13]} Qf7 {[%clk 0:24:50]} 25. Bf4 {[%clk 1:00:22]} Bg4
{[%clk 0:24:59]} 26. f3 {[%clk 1:00:34]} Bd7 {[%clk 0:19:41]} 27. Qxd5
{[%clk 0:52:03]} Be6 {[%clk 0:20:04]} 28. Qe4 {[%clk 0:52:28]} Bxa2
{[%clk 0:20:20]} 29. Nxa2 {[%clk 0:52:30]} Qxa2 {[%clk 0:20:47]} 30. Bc7
{[%clk 0:52:45]} Re8 {[%clk 0:17:04]} 31. Qd3 {[%clk 0:51:40]} Qxb2
{[%clk 0:15:41]} 32. Qc4+ {[%clk 0:48:54]} Kh8 {[%clk 0:15:38]} 33. Rc2
{[%clk 0:47:26]} Qa3 {[%clk 0:13:46]} 34. Bxb6 {[%clk 0:47:49]} axb6
{[%clk 0:13:34]} 35. d5 {[%clk 0:47:55]} Qe3+ {[%clk 0:11:42]} 36. Kf1
{[%clk 0:48:13]} Qe5 {[%clk 0:11:23]} 37. g3 {[%clk 0:46:18]} Ra3
{[%clk 0:09:39]} 38. Kg2 {[%clk 0:46:04]} Qe3 {[%clk 0:07:14]} 39. Qg4
{[%clk 0:43:48]} Qb3 {[%clk 0:04:53]} 40. Rdd2 {[%clk 0:42:44]} Qa4
{[%clk 0:01:42]} 41. Rc8 {[%clk 0:42:11]} Qb5 {[%clk 0:01:37]} 42. Qb4
{[%clk 0:41:11]} Qd7 {[%clk 0:00:32]} 43. Qf8+ {[%clk 0:41:32]} Kg8 1-0